LEADER 00535nam##22001337##450# 001 9910551613303321 010 $a9788880638292 100 $a########d########u##y0engy50####ba 105 0 $a########00### 200 1 $aIl richiamo di Ravenna : la città e i suoi dintorni secondo i visitatori stranieri, 1800-1960 / Eraldo Baldini, Dante Bolognesi. 700 $aBaldini, Eraldo, 1952-.$0184274 912 $a9910551613303321 996 $aIl richiamo di Ravenna : la città e i suoi dintorni secondo i visitatori stranieri, 1800-1960$92799543 997 $aUNINA LEADER 01092nam a2200265 i 4500 001 991003555739707536 008 080415s1997 it 001 0 ita d 020 $a8835946182 035 $ab13714806-39ule_inst 040 $aFacoltà SSPT$bita 082 0 $a335.40 245 00$a[Gramsci e la rivoluzione in Occidente /$ca cura di Alberto Burgio e Antonio A. Santucci] 260 $aRoma :$bEditori riuniti,$c1999 300 $axii, 377 p. ;$c21 cm 500 $aAtti del convegno internazionale promosso dal Partito della rifondazione comunista : Torino, 4-6 dicembre 1997 500 $aTit. dalla cop. - Volume privo di frontespizio 600 14$aGramsci, Antonio$vCongressi$zTorino$y1997 700 1 $aBurgio, Alberto 700 1 $aSantucci, Antonio A. 907 $a.b13714806$b02-04-14$c15-04-08 912 $a991003555739707536 945 $aLE021 335.40 BUR01.01$g1$i2020000002710$lle021$op$pE20.66$q-$rn$s- $t0$u2$v0$w2$x0$y.i14724650$z15-04-08 996 $aGramsci e la rivoluzione in Occidente$9500152 997 $aUNISALENTO 998 $ale020$b15-04-08$cm$da $e-$fita$git $h0$i0 LEADER 02226nas 2200757-a 450 001 996209589403316 005 20230707213041.0 011 $a1530-9177 035 $a(DE-599)ZDB2012891-5 035 $a(OCoLC)43148545 035 $a(CKB)954925479569 035 $a(CONSER)---00215547- 035 $a(EXLCZ)99954925479569 100 $a20000104a19789999 s-- a 101 0 $aeng 135 $aurcn||||||||| 181 $ctxt$2rdacontent 182 $cc$2rdamedia 183 $acr$2rdacarrier 200 14$aThe Washington quarterly 210 $aCambridge, MA $cMIT Press 300 $aRefereed/Peer-reviewed 311 $a0163-660X 531 $aWASHINGTON QUARTERLY 531 $aWASH QUART 531 $aWASHINGTON QUARTERLY, THE 531 $aWASH Q 531 $aWASHINGTON QUARTERLY (PROJECT MUSE) 531 $aWASH. Q 531 0 $aWash. q. 606 $aWorld politics$y1945-1989$vPeriodicals 606 $aWorld politics$y1989-$vPeriodicals 606 $aPolitique mondiale$y1989-$vPériodiques 606 $aPolitique militaire$vPériodiques 606 $aStratégie$vPériodiques 606 $aWorld politics$2fast$3(OCoLC)fst01181381 606 $aInternationale politiek$2gtt 606 $aInternationale Beziehungen$2stw 606 $aAußenpolitik$2stw 606 $aWelt$2stw 606 $aUSA$2stw 606 $aSTRATEGY$2unbist 606 $aMILITARY DEFENCES$2unbist 606 $aINTERNATIONAL RELATIONS$2unbist 608 $aPeriodicals.$2fast 608 $aPeriodicals.$2lcgft 615 0$aWorld politics 615 0$aWorld politics 615 6$aPolitique mondiale 615 6$aPolitique militaire 615 6$aStratégie 615 7$aWorld politics. 615 17$aInternationale politiek. 615 7$aInternationale Beziehungen. 615 7$aAußenpolitik. 615 7$aWelt. 615 7$aUSA. 615 17$aSTRATEGY. 615 17$aMILITARY DEFENCES. 615 17$aINTERNATIONAL RELATIONS. 676 $a327 712 02$aGeorgetown University.$bCenter for Strategic and International Studies. 906 $aJOURNAL 912 $a996209589403316 996 $aWashington quarterly$9903890 997 $aUNISA